| 000 | 00581 a2200181 4500 | ||
|---|---|---|---|
| 999 |
_c183392 _d183392 |
||
| 005 | 20211224103456.0 | ||
| 010 | _aENG-130582 | ||
| 020 |
_a978-93-90727-99-5 _c1150.00 |
||
| 035 | _aEN-114114 | ||
| 037 | _bDBAD/PUB | ||
| 082 | _a150 | ||
| 100 | _aFeldman, Robert S. | ||
| 245 |
_aUnderstanding Psychology: _cRobert S. Feldman |
||
| 260 |
_aChennai _bMcGraw Hill Education(india) Private Limited _c2022 |
||
| 270 |
_aAnjana Complex No.5 /90 A, Butt Road, St. Thomas Mount _bChennai _e600016 |
||
| 300 |
_a784. _c28cm (pbk) |
||
| 942 |
_adpl _cEN _2ddc _h150 _mFEL |
||